000
00268 a2200097 4500
001
55378
100
_a
245
_a
Panacakes ; snacks, suppers and desserts with crepes, waffles and pancakes
260
_a
Uk
_b
North holland inc
_c
2006
090
_c
34363
_d
34363
942
_a
NUST-CAE
_c
MONOGRAPH
_c
27073
999
_c
290451
_d
290451